000 00582nam a2200205Ia 4500
005 20250923145609.0
008 008 250917s9999 xx 000 0 eng d
037 _aTextual
040 _aDSWL
_beng
_cDSWL
041 _aeng
_2eng
084 _aX:97.2, N83
_qDSWL
100 _aMamoria, B.
_9836983
245 0 _aDynamics of industrial relations in India
_c by B.Mamoria
260 _aBombay
_bHimalaya Pub. House
_c1983
300 _axvi,760 p.
365 _aINR
_b112.50
925 _g112.50
942 _cTEXL
_hX:97.2, N83
999 _c1453290
_d1453290